[Event "Online Olym Div3 A 2020"]
[Site "chess.com INT"]
[Date "2020.07.08"]
[Round "5.2"]
[Board "3"]
[White "Lin, Ze Jun"]
[Black "Kanyamarala, Trisha"]
[Result "0-1"]
[BlackTitle "WIM"]
[WhiteElo "1512"]
[BlackElo "2193"]
[WhiteTeam "Hong Kong"]
[BlackTeam "Ireland"]
[WhiteFideId "6005861"]
[BlackFideId "45004722"]
[EventDate "2020.07.07"]
[EventType "team"]

1. e4 c5 2. Nf3 d6 3. d4 cxd4 4. Nxd4 Nf6 5. Nc3 Nc6 6. Bg5 e6 7. Qd2 a6 8.
O-O-O Bd7 9. f3 h6 10. Be3 h5 11. Nxc6 Bxc6 12. Bc4 b5 13. Bb3 a5 14. a4 b4 15.
Ne2 Qd7 16. Nd4 Bxa4 17. Bxa4 Qxa4 18. Kb1 Qd7 19. Rhe1 Be7 20. c4 bxc3 21. Qxc3
O-O 22. Qc6 Rfd8 23. Rc1 a4 24. Nb5 Qxc6 25. Rxc6 Rab8 26. Bb6 Rdc8 27. Rxc8+
Rxc8 28. Na7 Rb8 29. Be3 a3 30. Ka2 Rxb2+ 31. Kxa3 Rxg2 32. h4 d5+ 33. Kb3 dxe4
34. fxe4 Nxe4 35. Bg5 Nxg5 36. hxg5 Bxg5 37. Nc6 Rg3+ 38. Kc4 h4 39. Ne5 Bf6 40.
Nd3 h3 41. Nf2 h2 42. Rh1 Rg2 43. Ne4 Be5 44. Kd3 Rg1 45. Nf2 Bg3 0-1

[Event "Online Olym Div3 A 2020"]
[Site "chess.com INT"]
[Date "2020.07.08"]
[Round "5.2"]
[Board "4"]
[White "Putar, Lara"]
[Black "Ng, Sau Wai"]
[Result "1-0"]
[WhiteElo "1834"]
[BlackElo "1146"]
[WhiteTeam "Ireland"]
[BlackTeam "Hong Kong"]
[WhiteFideId "14546604"]
[BlackFideId "1450468"]
[EventDate "2020.07.07"]
[EventType "team"]

1. d4 Nf6 2. c4 e5 3. dxe5 Ng4 4. Bf4 Nc6 5. Nf3 Bb4+ 6. Nc3 Qe7 7. Qd5 O-O 8.
h3 Bxc3+ 9. bxc3 Nh6 10. Bxh6 gxh6 11. Qd2 Qe6 12. Nd4 Qg6 13. Qf4 b6 14. Nf5
Kh8 15. Nxh6 Ba6 16. e3 Rae8 17. Bd3 f5 18. Bxf5 Qxg2 19. Be4 Rxf4 20. Bxg2 Ref8
21. exf4 Bxc4 22. Bxc6 dxc6 23. f5 Bd3 24. Rd1 Bb5 25. Rg1 Re8 26. Nf7# 1-0

[Event "Online Olym Div3 A 2020"]
[Site "chess.com INT"]
[Date "2020.07.08"]
[Round "5.2"]
[Board "5"]
[White "Kwong, Wing Ki"]
[Black "Kanyamarala, Tarun"]
[Result "0-1"]
[BlackTitle "FM"]
[WhiteElo "1876"]
[BlackElo "2381"]
[WhiteTeam "Hong Kong"]
[BlackTeam "Ireland"]
[WhiteFideId "6002013"]
[BlackFideId "45004714"]
[EventDate "2020.07.07"]
[EventType "team"]

1. d4 f5 2. Nf3 Nf6 3. g3 g6 4. Bg2 Bg7 5. O-O O-O 6. c4 d6 7. Nc3 c6 8. Re1 Nh5
9. e4 f4 10. Ne2 fxg3 11. hxg3 Bg4 12. Nh2 Be6 13. Qc2 Qb6 14. Be3 c5 15. Rad1
Na6 16. a3 Rac8 17. d5 Bd7 18. b4 Qd8 19. b5 Nc7 20. f4 a6 21. a4 axb5 22. axb5
Ra8 23. g4 Nf6 24. Bf3 Ra3 25. Bc1 Rxf3 26. Nxf3 Bxg4 27. Nh2 Bh5 28. Ng3 Bxd1
29. Qxd1 Nd7 30. Nf3 Nb6 31. Qd3 Qa8 32. Be3 Qa4 33. Nd2 Nd7 34. Kg2 Ra8 35. e5
Qb4 36. e6 Nb6 37. f5 Ra3 38. Qe4 Ra2 39. Re2 Rxd2 40. Bxd2 Qxc4 41. fxg6 Qxe4+
42. Nxe4 hxg6 43. Ba5 Nbxd5 44. Kf3 Nxe6 45. Rg2 Kf7 46. Bd2 Nd4+ 47. Kg4 Nxb5
48. Rf2+ Nf6+ 49. Kg3 Nd4 50. Ng5+ Ke8 51. Bc3 Nf5+ 52. Kh3 Kd7 53. Rb2 Kc6 54.
Ne6 b5 55. Nxg7 Nxg7 56. Rg2 Ne6 57. Kh2 g5 58. Re2 Kd5 59. Bd2 b4 60. Kg1 Ng4
61. Rg2 Ne5 62. Kf1 g4 63. Ke2 Nd4+ 64. Kd1 Ndf3 65. Bf4 Ke4 66. Bg3 Nc4 67.
Re2+ Ne3+ 68. Kc1 Kd3 69. Ra2 c4 70. Ra7 e5 71. Rd7 Nf5 72. Bf2 g3 73. Bb6 g2
74. Rf7 Ke4 75. Bf2 g1=Q+ 76. Bxg1 Nxg1 77. Rb7 b3 78. Kb2 d5 79. Rh7 Nf3 80.
Kc3 Ne3 81. Rh3 d4+ 82. Kb2 Nd2 83. Rh2 c3+ 84. Ka3 b2 85. Rh4+ Kd3 86. Rh1 b1=Q
87. Rxb1 Nxb1+ 88. Ka2 Nd2 89. Ka1 Kc2 90. Ka2 Nb3 91. Ka3 Kb1 92. Kxb3 c2 0-1

[Event "Online Olym Div3 A 2020"]
[Site "chess.com INT"]
[Date "2020.07.08"]
[Round "5.2"]
[Board "6"]
[White "Mirza, Diana"]
[Black "Feng, Eunice"]
[Result "0-1"]
[WhiteTitle "WFM"]
[WhiteElo "1939"]
[BlackElo "1528"]
[WhiteTeam "Ireland"]
[BlackTeam "Hong Kong"]
[WhiteFideId "2503999"]
[BlackFideId "331059520"]
[EventDate "2020.07.07"]
[EventType "team"]

1. e4 c5 2. c4 d6 3. Nc3 Nc6 4. g3 g6 5. Bg2 Bg7 6. Nge2 e6 7. d3 Nge7 8. Be3
Nd4 9. O-O O-O 10. Rb1 Nec6 11. Qd2 Rb8 12. Bh6 a6 13. Bxg7 Kxg7 14. Nxd4 Nxd4
15. Ne2 Nxe2+ 16. Qxe2 b5 17. e5 Bb7 18. Rfd1 d5 19. cxd5 Bxd5 20. d4 c4 21. b4
Bxg2 22. Kxg2 Qd5+ 23. Qf3 Rfd8 24. Qxd5 Rxd5 25. Kf3 a5 26. bxa5 Ra8 27. Rb4
Rxa5 28. Ke3 Rxa2 29. Rdb1 Ra5 30. h4 Kf8 31. h5 Ke7 32. hxg6 hxg6 33. f4 Kd7
34. g4 Kc6 35. Rh1 Ra3+ 36. Ke4 Ra4 37. Rxa4 bxa4 38. Rh7 Rd7 39. f5 a3 40. fxe6
fxe6 41. Rh2 Kb5 42. Ra2 Kb4 43. Kf4 Kb3 44. Ra1 a2 45. Rh1 c3 46. Kg5 Kb2 47.
Kxg6 a1=Q 48. Rxa1 Kxa1 49. Kf6 c2 50. Kxe6 Rxd4 51. g5 c1=Q 0-1

[Event "Online Olym Div3 A 2020"]
[Site "chess.com INT"]
[Date "2020.07.08"]
[Round "5.3"]
[Board "1"]
[White "Wong, Yinn Long"]
[Black "Tin, Jingyao"]
[Result "1-0"]
[WhiteTitle "FM"]
[BlackTitle "IM"]
[WhiteElo "2381"]
[BlackElo "2464"]
[WhiteTeam "Malaysia"]
[BlackTeam "Singapore"]
[WhiteFideId "5707684"]
[BlackFideId "5804418"]
[EventDate "2020.07.07"]
[EventType "team"]

1. d4 Nf6 2. Bf4 e6 3. e3 d5 4. Nd2 Bd6 5. Bg3 O-O 6. Ngf3 c5 7. c3 b6 8. Bd3
Ba6 9. Bxa6 Nxa6 10. Qe2 Nc7 11. Bh4 Be7 12. Rd1 Nce8 13. e4 Nxe4 14. Bxe7 Qxe7
15. Nxe4 dxe4 16. Qxe4 Nf6 17. Qe2 Rfd8 18. O-O cxd4 19. Nxd4 Qc5 20. Nb3 Qc7
21. Nd4 h6 22. Rd3 Rd5 23. Rfd1 Rad8 24. Nc2 Ng4 25. g3 Nf6 26. Ne3 Rxd3 27.
Rxd3 Rxd3 28. Qxd3 Nd7 29. Nc4 Nc5 30. Qd4 f6 31. Nd6 Qd7 32. b4 Na4 33. c4 Kf8
34. Nb5 Qxd4 35. Nxd4 e5 36. Nb5 a6 37. Nc7 a5 38. bxa5 bxa5 39. Kf1 Ke7 40. Nb5
Nb2 41. c5 Nd3 42. c6 Nb4 43. c7 Kd7 44. a3 Nd5 45. c8=Q+ Kxc8 46. Nd6+ Kd7 47.
Nf5 g6 48. Nxh6 Ke6 49. Ng4 f5 50. Ne3 Nxe3+ 51. fxe3 Kd5 52. Ke2 Ke4 53. a4 f4
54. exf4 exf4 55. Kf2 Kf5 56. Kf3 fxg3 57. hxg3 Ke5 58. Kg4 Kf6 59. Kf4 Ke6 60.
Kg5 Kf7 61. Kh6 Kf6 62. g4 g5 63. Kh5 Kf7 64. Kxg5 Kg7 65. Kf5 Kf7 66. Ke5 Kg6
67. Kd5 Kg5 68. Kc5 Kxg4 69. Kb5 Kf5 70. Kxa5 Ke6 71. Kb6 Kd7 72. Kb7 1-0

[Event "Online Olym Div3 A 2020"]
[Site "chess.com INT"]
[Date "2020.07.08"]
[Round "5.3"]
[Board "2"]
[White "Liu, Xiangyi"]
[Black "Liew, Chee-Meng Jimmy"]
[Result "1-0"]
[WhiteTitle "IM"]
[BlackTitle "IM"]
[WhiteElo "2377"]
[BlackElo "2176"]
[WhiteTeam "Singapore"]
[BlackTeam "Malaysia"]
[WhiteFideId "8605718"]
[BlackFideId "5700019"]
[EventDate "2020.07.07"]
[EventType "team"]

1. e4 d6 2. Nf3 Nf6 3. Nc3 e5 4. d4 Nbd7 5. Bc4 Be7 6. O-O c6 7. a4 b6 8. Ba2
Bb7 9. dxe5 dxe5 10. Nh4 O-O 11. Nf5 h6 12. Qf3 Kh7 13. Rd1 Qe8 14. Nxh6 gxh6
15. Qf5+ Kg7 16. Rd3 Bc8 17. Bxh6+ Kxh6 18. Rh3+ Nh5 19. Qxh5+ Kg7 20. Rg3+ 1-0

[Event "Online Olym Div3 A 2020"]
[Site "chess.com INT"]
[Date "2020.07.08"]
[Round "5.3"]
[Board "3"]
[White "Azhar, Puteri Munajjah Az-Zahraa"]
[Black "Gong, Qianyun"]
[Result "0-1"]
[WhiteTitle "WIM"]
[BlackTitle "WGM"]
[WhiteElo "2046"]
[BlackElo "2333"]
[WhiteTeam "Malaysia"]
[BlackTeam "Singapore"]
[WhiteFideId "5709040"]
[BlackFideId "8602425"]
[EventDate "2020.07.07"]
[EventType "team"]

1. Nf3 Nf6 2. g3 b6 3. Bg2 Bb7 4. O-O g6 5. d4 Bg7 6. c4 O-O 7. Nc3 Ne4 8. Qc2
Nxc3 9. Qxc3 c5 10. Be3 Nc6 11. Rad1 d6 12. Qd2 Re8 13. d5 Nb8 14. Bh6 Bh8 15.
e4 Nd7 16. b3 a5 17. a4 Nf6 18. Rfe1 Ng4 19. Bg5 Bc8 20. h3 Ne5 21. Nxe5 Bxe5
22. Kh2 Ra7 23. Bh6 e6 24. f4 Bd4 25. g4 exd5 26. exd5 Rae7 27. Rxe7 Qxe7 28.
Bg5 Qe3 29. Qd3 f6 30. Bh6 Qf2 31. Rf1 Qh4 32. g5 Re3 33. Qd1 Rxh3+ 0-1

[Event "Online Olym Div3 A 2020"]
[Site "chess.com INT"]
[Date "2020.07.08"]
[Round "5.3"]
[Board "4"]
[White "Liu, Yang Hazel"]
[Black "Nithyalakshmi, Sivanesan"]
[Result "1-0"]
[WhiteTitle "WFM"]
[BlackTitle "WCM"]
[WhiteElo "2046"]
[BlackElo "1945"]
[WhiteTeam "Singapore"]
[BlackTeam "Malaysia"]
[WhiteFideId "5800919"]
[BlackFideId "5706955"]
[EventDate "2020.07.07"]
[EventType "team"]

1. d4 Nf6 2. Nc3 d5 3. Bf4 c6 4. e3 Bf5 5. f3 Nbd7 6. g4 Bg6 7. h4 h6 8. Bd3
Bxd3 9. Qxd3 e6 10. Nge2 Nb6 11. O-O-O Nc4 12. g5 Nh5 13. g6 f6 14. e4 Qa5 15.
Kb1 Nxf4 16. Nxf4 Ba3 17. bxa3 Qb6+ 18. Nb5 Qxb5+ 19. Qb3 Nxa3+ 20. Kb2 Nc4+ 21.
Kc1 Kd7 22. exd5 exd5 23. Qxb5 cxb5 24. Nxd5 Rhe8 25. Rhe1 Rac8 26. Re4 Kd6 27.
Nf4 Na3 28. Rd2 Nc4 29. Rde2 Rxe4 30. fxe4 a5 31. Nh5 Rc7 32. Ng3 Ke6 33. Nf5 b4
34. Rg2 Nd6 35. d5+ Ke5 36. Nxh6 Nxe4 37. Nf7+ Kxd5 38. h5 Rc8 39. h6 gxh6 40.
g7 Ng5 41. Nxh6 Ke5 42. g8=Q Rxg8 43. Nxg8 Ne4 44. Nh6 f5 45. Rg7 b6 46. Rb7 f4
47. Rxb6 f3 48. Rb5+ Kf4 49. Rf5+ Kg3 50. Rxa5 f2 51. Rf5 Kg2 52. Ng4 f1=Q+ 53.
Rxf1 Kxf1 54. Ne3+ Ke2 55. Nd5 Nc5 56. Nxb4 Na4 57. Nd3 Ke3 58. Nb2 Nc5 59. c3
Ke4 60. Kc2 Kd5 61. Nd3 Nb7 62. Kb3 Kc6 63. Kb4 Kb6 64. a4 Na5 65. Ne5 Nb7 66.
Nc4+ Ka6 67. Nb2 Kb6 68. Nd3 Na5 69. Ne5 Nb7 70. Nd7+ Kc6 71. Nf6 Kb6 72. c4 Nc5
73. Nd5+ Kc6 74. Ne7+ Kb6 75. a5+ Ka6 76. Kxc5 Kxa5 77. Kd6 Kb6 78. c5+ 1-0

[Event "Online Olym Div3 A 2020"]
[Site "chess.com INT"]
[Date "2020.07.08"]
[Round "5.3"]
[Board "5"]
[White "Navaratnam, Rohan Shan Tze"]
[Black "Lee, Qing Aun"]
[Result "1-0"]
[WhiteTitle "FM"]
[BlackTitle "FM"]
[WhiteElo "2071"]
[BlackElo "2262"]
[WhiteTeam "Malaysia"]
[BlackTeam "Singapore"]
[WhiteFideId "5727413"]
[BlackFideId "5804167"]
[EventDate "2020.07.07"]
[EventType "team"]

1. e4 e6 2. d4 d5 3. Nc3 Bb4 4. e5 c5 5. Bd2 Nc6 6. Nb5 Bxd2+ 7. Qxd2 Nxd4 8.
Nxd4 cxd4 9. O-O-O Ne7 10. Nf3 Qc7 11. Qxd4 Bd7 12. h4 Rc8 13. Bd3 Nc6 14. Qf4
h6 15. Rh3 Qa5 16. a3 b5 17. Rg3 g6 18. Nd4 Nxd4 19. Qxd4 Qa4 20. Qxa4 bxa4 21.
Be2 Ke7 22. Rg4 a5 23. c3 Rc7 24. Rd2 Rb8 25. Bd1 Bb5 26. Bxa4 Bc4 27. Bd1 Rd8
28. Rdd4 Rb8 29. Rgf4 Kf8 30. h5 gxh5 31. Rf6 Rcb7 32. Bxh5 Rxb2 33. Rxf7+ Kg8
34. Rg4+ Kh8 35. Rf6 Rb1+ 36. Kd2 R1b2+ 37. Ke3 Re2+ 38. Kd4 Kh7 39. Bg6+ Kh8
40. Bd3 Bxd3 41. Kxd3 1-0

[Event "Online Olym Div3 A 2020"]
[Site "chess.com INT"]
[Date "2020.07.08"]
[Round "5.3"]
[Board "6"]
[White "Mak, Xiu Ning Charlene"]
[Black "Sim, Jia Ru"]
[Result "1-0"]
[BlackTitle "WCM"]
[WhiteElo "1667"]
[BlackElo "2005"]
[WhiteTeam "Singapore"]
[BlackTeam "Malaysia"]
[WhiteFideId "5820332"]
[BlackFideId "5716110"]
[EventDate "2020.07.07"]
[EventType "team"]

1. e4 c5 2. Nf3 e6 3. d4 cxd4 4. Nxd4 Nc6 5. Nxc6 bxc6 6. Bd3 d5 7. c4 Nf6 8.
cxd5 cxd5 9. exd5 Nxd5 10. O-O Bd6 11. Bc4 Bxh2+ 12. Kxh2 Qh4+ 13. Kg1 Qxc4 14.
Nd2 Qc6 15. Nb3 O-O 16. Nd4 Qd7 17. b3 Ba6 18. Re1 Rac8 19. Bb2 Rfd8 20. Qg4 Nf6
21. Qg3 Qc7 22. Qg5 Rd5 23. Qe3 Rh5 24. Nf3 Bb7 25. Rac1 Rc5 26. Rxc5 Qxc5 27.
Qxc5 Rxc5 28. Bd4 Ra5 29. Rc1 Nd5 30. Rc2 f6 31. Nd2 Ra6 32. a4 Kf7 33. Nc4 Rc6
34. Re2 Nf4 35. Rd2 a6 36. Be3 Nd5 37. Bd4 Ke7 38. Bb2 Nf4 39. Ba3+ Ke8 40. Nd6+
Kd7 41. Nxb7+ Kc8 42. Nd6+ Kc7 43. Ne8+ Kc8 44. Bb4 Rc1+ 45. Kh2 Nd5 46. Bd6 Kd7
47. Ba3 Rc3 48. Nxg7 Rxb3 49. Bb2 Ke7 50. Nh5 Rb4 51. Ba3 Kf7 52. Bxb4 Nxb4 53.
Rb2 a5 54. Ng3 f5 55. Ne2 Kf6 56. Nc3 Ke5 57. Na2 Nd5 58. Rb5 Kd4 59. Rxa5 e5
60. Rb5 e4 61. Nb4 Nc3 62. Rxf5 Kc4 63. Nc2 Kb3 64. Ne3 Kxa4 65. Rf7 Kb3 66.
Rxh7 1-0

[Event "Online Olym Div3 A 2020"]
[Site "chess.com INT"]
[Date "2020.07.08"]
[Round "5.4"]
[Board "1"]
[White "Ashiku, Franc"]
[Black "Tran, Thanh Tu"]
[Result "1/2-1/2"]
[WhiteTitle "IM"]
[BlackTitle "CM"]
[WhiteElo "2419"]
[BlackElo "2346"]
[WhiteTeam "Albania"]
[BlackTeam "Japan"]
[WhiteFideId "4700066"]
[BlackFideId "12401404"]
[EventDate "2020.07.07"]
[EventType "team"]

1. Nf3 Nf6 2. d4 g6 3. g3 Bg7 4. Bg2 O-O 5. O-O d6 6. c4 c6 7. Nc3 a5 8. e4 Bg4
9. h3 Bxf3 10. Qxf3 Nfd7 11. Be3 e5 12. d5 Qe7 13. Rad1 c5 14. Nb5 Na6 15. h4 f5
16. exf5 Rxf5 17. Qe2 Nb6 18. Bh3 Nc7 19. Bg5 Qd7 20. Nc3 Raf8 21. Ne4 Ne8 22.
Be3 h6 23. h5 gxh5 24. Nxc5 dxc5 25. Bxc5 R8f6 26. Qc2 Nc8 27. Rde1 Qf7 28. Be3
b6 29. a3 Ned6 30. b4 axb4 31. axb4 h4 32. c5 bxc5 33. bxc5 hxg3 34. cxd6 Nxd6
35. Bxf5 Rxf5 36. fxg3 Rxf1+ 37. Rxf1 Qxd5 38. Rd1 Qe4 39. Qxe4 Nxe4 40. Kg2 Kf7
41. Ra1 Kg6 42. Ra6+ Nf6 43. Kf3 Bf8 44. Bc1 h5 45. Bb2 Kf5 46. Ra5 Ng4 47. Ra8
Bg7 48. Ke2 Bf6 49. Rg8 Ke6 50. Bc1 Kf5 51. Bd2 Be7 52. Ra8 Bf6 53. Ra6 h4 54.
gxh4 Bxh4 1/2-1/2

[Event "Online Olym Div3 A 2020"]
[Site "chess.com INT"]
[Date "2020.07.08"]
[Round "5.4"]
[Board "2"]
[White "Watanabe, Akira"]
[Black "Pasko, Llambi"]
[Result "0-1"]
[WhiteTitle "FM"]
[BlackTitle "IM"]
[WhiteElo "2284"]
[BlackElo "2410"]
[WhiteTeam "Japan"]
[BlackTeam "Albania"]
[WhiteFideId "7000227"]
[BlackFideId "4701178"]
[EventDate "2020.07.07"]
[EventType "team"]

1. d4 d5 2. c4 c6 3. Nc3 Nf6 4. cxd5 cxd5 5. Bf4 Nc6 6. e3 Bf5 7. Nf3 e6 8. Bb5
Nd7 9. Qa4 Qb6 10. O-O Be7 11. Rfc1 O-O 12. a3 a6 13. Bxc6 bxc6 14. b4 a5 15. b5
c5 16. Ne5 Nxe5 17. Bxe5 f6 18. dxc5 Bxc5 19. Bd4 Rfc8 20. Bxc5 Rxc5 21. Qd4
Rac8 22. Qd2 Rc4 23. a4 Qc5 24. Ne2 e5 25. h3 Bc2 26. Qxa5 d4 27. exd4 exd4 28.
Qd2 d3 29. Nf4 g6 30. g3 g5 31. Ng2 Bxa4 32. Rxc4 Qxc4 33. b6 Bc6 34. Ne3 Qe4
35. Kh2 Qf3 36. Rf1 Rd8 37. Qa2+ Kh8 38. Qf7 d2 39. Qe7 Re8 40. Qd6 d1=Q 41.
Qxd1 Rxe3 42. Qxf3 Rxf3 0-1

[Event "Online Olym Div3 A 2020"]
[Site "chess.com INT"]
[Date "2020.07.08"]
[Round "5.4"]
[Board "3"]
[White "Gjergji, Rozana"]
[Black "Sakai, Azumi"]
[Result "1-0"]
[WhiteTitle "WCM"]
[BlackTitle "WCM"]
[WhiteElo "1942"]
[BlackElo "1731"]
[WhiteTeam "Albania"]
[BlackTeam "Japan"]
[WhiteFideId "4700147"]
[BlackFideId "7001800"]
[EventDate "2020.07.07"]
[EventType "team"]

1. e4 e6 2. d4 d5 3. Nd2 Be7 4. e5 Nh6 5. Ngf3 c5 6. c3 Nc6 7. Bb5 Bd7 8. O-O
Nxe5 9. Bxd7+ Nxd7 10. dxc5 Nxc5 11. b4 Nd7 12. Nb3 Nf5 13. Bf4 O-O 14. Rc1 Rc8
15. Re1 Bf6 16. Qd3 Rc4 17. Bd2 b6 18. Nbd4 Nd6 19. Bf4 Ne4 20. Rxe4 dxe4 21.
Qxc4 exf3 22. Nxf3 Qc8 23. Qd3 Rd8 24. Qe3 Nf8 25. Ne5 Ng6 26. Nxg6 hxg6 27. h3
Qc4 28. Be5 Rd3 29. Qe2 Bxe5 30. Qxe5 Qxa2 31. Qb8+ Kh7 32. Qf4 Qd5 33. c4 Qf5
34. Qh4+ Kg8 35. c5 bxc5 36. Rxc5 Rd1+ 37. Kh2 1-0

[Event "Online Olym Div3 A 2020"]
[Site "chess.com INT"]
[Date "2020.07.08"]
[Round "5.4"]
[Board "4"]
[White "Hoshino, Karen"]
[Black "Shabanaj, Alda"]
[Result "1/2-1/2"]
[WhiteTitle "WFM"]
[BlackTitle "WFM"]
[WhiteElo "1836"]
[BlackElo "1841"]
[WhiteTeam "Japan"]
[BlackTeam "Albania"]
[WhiteFideId "2137984"]
[BlackFideId "4700597"]
[EventDate "2020.07.07"]
[EventType "team"]

1. d4 Nf6 2. c4 d6 3. Nc3 g6 4. e4 Bg7 5. f3 O-O 6. Be3 c6 7. Qd2 Qc7 8. Bd3 e5
9. Nge2 Nbd7 10. O-O a6 11. Rfd1 Re8 12. a4 Nf8 13. d5 c5 14. a5 N8d7 15. Na4 b6
16. axb6 Nxb6 17. Nxb6 Qxb6 18. Rdb1 a5 19. b4 Qc7 20. b5 Qb6 21. Ra4 Re7 22.
Rba1 Rea7 23. Qa2 Nd7 24. Bd2 Bf6 25. Bxa5 Qb7 26. Bc2 Bg5 27. Bb3 Be3+ 28. Kf1
Bd4 29. Bc3 Rxa4 30. Bxa4 Nb6 31. Qc2 Bxc3 32. Nxc3 Nxc4 33. Qc1 Nb6 34. Bb3 Bd7
35. Qb1 Kg7 36. Kf2 Nc8 37. Rxa8 Qxa8 38. Qa2 Qxa2+ 39. Bxa2 Nb6 40. Ke3 f5 41.
Kd3 Kf6 42. Bc4 1/2-1/2

[Event "Online Olym Div3 A 2020"]
[Site "chess.com INT"]
[Date "2020.07.08"]
[Round "5.4"]
[Board "5"]
[White "Veleshnja, Zino"]
[Black "Osaka, Takuma"]
[Result "1-0"]
[BlackTitle "CM"]
[WhiteElo "2287"]
[BlackElo "2048"]
[WhiteTeam "Albania"]
[BlackTeam "Japan"]
[WhiteFideId "4701313"]
[BlackFideId "7002084"]
[EventDate "2020.07.07"]
[EventType "team"]

1. d4 Nf6 2. c4 g6 3. Nc3 d5 4. Nf3 Bg7 5. Bg5 Ne4 6. cxd5 Nxg5 7. Nxg5 e6 8.
Qd2 h6 9. Nh3 exd5 10. Nf4 c6 11. e3 O-O 12. Bd3 Nd7 13. O-O Nf6 14. b4 Qd6 15.
b5 Bd7 16. bxc6 Bxc6 17. Rab1 Rac8 18. Nb5 Bxb5 19. Rxb5 Rc7 20. Rfb1 b6 21. a4
Rfc8 22. a5 Rc6 23. axb6 Rxb6 24. Rxb6 axb6 25. g3 Bf8 26. Qb2 Nd7 27. Bb5 Nf6
28. Ba6 Ra8 29. Bb7 Rb8 30. Qxb6 Ne8 31. Nxd5 Qxb6 32. Rxb6 Nd6 33. Ba6 Ra8 34.
Nc7 Ra7 35. Nd5 Kg7 36. Bd3 Ra2 37. e4 Rd2 38. Rb3 h5 39. e5 Nf5 40. Bxf5 gxf5
41. Ne3 Kg6 42. Rb6+ Kh7 43. Nxf5 1-0

[Event "Online Olym Div3 A 2020"]
[Site "chess.com INT"]
[Date "2020.07.08"]
[Round "5.4"]
[Board "6"]
[White "Hoshino, Meilin"]
[Black "Shuqja, Klean"]
[Result "0-1"]
[WhiteTitle "WCM"]
[BlackTitle "WCM"]
[WhiteElo "1591"]
[BlackElo "1838"]
[WhiteTeam "Japan"]
[BlackTeam "Albania"]
[WhiteFideId "7001690"]
[BlackFideId "4701585"]
[EventDate "2020.07.07"]
[EventType "team"]

1. d4 Nf6 2. c4 e6 3. Nc3 Bb4 4. Qc2 O-O 5. a3 Bxc3+ 6. Qxc3 d5 7. Bg5 c6 8. e3
Nbd7 9. Bd3 Qc7 10. Bf4 Qd8 11. Qc2 dxc4 12. Bxc4 Nb6 13. Bd3 Nbd5 14. Bg5 Qa5+
15. Qd2 Qxd2+ 16. Kxd2 Ne7 17. Nf3 Ng6 18. Rhe1 Rd8 19. Ke2 Re8 20. Kf1 Nd7 21.
e4 f6 22. Bd2 e5 23. Rac1 Nb6 24. h3 exd4 25. Nxd4 Rd8 26. Be3 c5 27. Rxc5 Ne5
28. Bb1 Bd7 29. Rec1 Na4 30. Rc7 Rac8 31. Rxc8 Bxc8 32. b3 Nb6 33. Ke2 Bd7 34.
f4 Nc6 35. Nf3 Be6 36. b4 Bc4+ 37. Kf2 Bb5 38. Ba2+ Kh8 39. Bb1 Nc4 40. Rc3 a6
41. Bc2 Nxe3 42. Rxe3 Nd4 43. Nxd4 Rxd4 44. Rc3 Rd8 45. Bb3 h6 46. Kg3 Rd2 47.
Rf3 Bc6 48. Re3 Kh7 49. e5 f5 50. Kh4 Rxg2 51. Rg3 Re2 52. Rc3 Rg2 0-1

[Event "Online Olym Div3 A 2020"]
[Site "chess.com INT"]
[Date "2020.07.08"]
[Round "5.5"]
[Board "1"]
[White "Wastney, Scott"]
[Black "Kwon, Sehyun"]
[Result "0-1"]
[WhiteTitle "FM"]
[BlackTitle "CM"]
[WhiteElo "2306"]
[BlackElo "2194"]
[WhiteTeam "New Zealand"]
[BlackTeam "South Korea"]
[WhiteFideId "4300513"]
[BlackFideId "13203088"]
[EventDate "2020.07.07"]
[EventType "team"]

1. e4 c6 2. Nc3 d5 3. Nf3 Bg4 4. d4 Nf6 5. h3 dxe4 6. hxg4 exf3 7. gxf3 e6 8.
Be3 Bb4 9. a3 Ba5 10. b4 Bc7 11. g5 Nd5 12. Nxd5 cxd5 13. c4 dxc4 14. Bxc4 Nc6
15. d5 exd5 16. Qxd5 Qxd5 17. Bxd5 O-O 18. Rc1 Rfe8 19. Rxc6 Rxe3+ 20. fxe3 bxc6
21. Bxc6 Rc8 22. Ke2 Bd8 23. Be4 Bxg5 24. Bxh7+ Kf8 25. Bd3 Rc3 26. a4 Ra3 27.
Rh8+ Ke7 28. f4 Bf6 29. a5 Bc3 30. Rb8 Ra4 31. Rb7+ Kf6 32. Rxa7 Bxb4 33. a6
Ra2+ 34. Kf3 Ra3 35. Ke4 Ra4 36. Kd5 Ra5+ 37. Ke4 Ra4 38. Kf3 Ra3 39. Bc4 Rxe3+
40. Kg4 Be7 41. Bd5 Ra3 42. Bc4 Ra4 43. Bd5 g5 44. Kf3 Rxf4+ 45. Ke2 Ra4 46. Bc6
Ra5 47. Be4 Bc5 48. Ra8 Ke5 49. Bd3 g4 50. Rb8 Ra2+ 51. Ke1 Bf2+ 52. Kf1 Bc5 53.
Re8+ Kd4 54. Be2 f5 55. Rg8 Ke3 56. Bxg4 fxg4 57. Rxg4 Rxa6 58. Rg8 Ra2 59. Rg3+
Ke4 60. Rg7 Be3 61. Re7+ Kf3 62. Rf7+ Bf4 63. Re7 Rh2 64. Rg7 Be5 65. Rf7+ Ke3
66. Re7 Kf4 67. Rf7+ Ke4 68. Re7 Ra2 69. Rf7 Bf4 70. Rf8 Be3 71. Re8+ Kd3 72.
Rd8+ Bd4 73. Re8 Rf2+ 74. Ke1 Rg2 75. Rf8 Rg1+ 76. Rf1 Rg2 77. Rf3+ Be3 78. Rf1
Rc2 0-1

[Event "Online Olym Div3 A 2020"]
[Site "chess.com INT"]
[Date "2020.07.08"]
[Round "5.5"]
[Board "2"]
[White "Kim, Inguh"]
[Black "Duneas, John"]
[Result "1/2-1/2"]
[WhiteTitle "CM"]
[BlackTitle "FM"]
[WhiteElo "1900"]
[BlackElo "2147"]
[WhiteTeam "South Korea"]
[BlackTeam "New Zealand"]
[WhiteFideId "13201204"]
[BlackFideId "4302052"]
[EventDate "2020.07.07"]
[EventType "team"]

1. e4 e6 2. d4 d5 3. Nd2 Nf6 4. e5 Nfd7 5. c3 c5 6. Bd3 Nc6 7. Ne2 cxd4 8. cxd4
f6 9. exf6 Nxf6 10. Nf3 Bd6 11. O-O Qc7 12. Bg5 O-O 13. Rc1 a6 14. Bh4 g6 15.
Bg3 Bxg3 16. Nxg3 Qb6 17. Qb3 Qxb3 18. axb3 Bd7 19. Rfe1 Nb4 20. Ne5 Rac8 21.
Rc3 Nxd3 22. Nxd3 Rxc3 23. bxc3 Rc8 24. Rc1 b6 25. Ne5 Be8 26. f3 Nd7 27. Nxd7
Bxd7 28. Ne2 a5 29. Nf4 Kf7 30. Nd3 Ke7 31. Kf2 Be8 32. h4 Kd6 33. g4 Bb5 34.
Ne5 Rc7 35. g5 a4 36. bxa4 Bxa4 37. Ke3 Bb5 38. Kd2 Bc4 39. Ra1 Rb7 40. Ng4 b5
41. Ra6+ Ke7 42. Ne5 b4 43. Nxc4 dxc4 44. cxb4 Rxb4 45. Ra7+ Kf8 46. Ke3 c3 47.
Rc7 Rb3 48. Ke4 Ke8 49. f4 Kd8 50. Rc4 Kd7 51. Ke5 Rb5+ 52. Ke4 Rb3 53. Ke5 Rb5+
54. Ke4 Rb3 1/2-1/2